| 000 | 00000nam##2200000za#4500 |
| 001 | 9.689544 |
| 003 | CaOODSP |
| 005 | 20210624231938 |
| 007 | cr ||||||||||| |
| 008 | 150407|2007||||xxc|||||o f|0| 0 eng|d |
| 020 | |a978-0-662-45511-0 |
| 040 | |aCaOODSP|beng |
| 043 | |an-cn--- |
| 086 | 1 |aM144-145/2-2007E-PDF |
| 110 | 1 |aCanada.|bNatural Resources Canada. |bOffice of Energy Efficiency. |
| 245 | 10|aHome comfort |h[electronic resource] |
| 250 | |aUpdated |
| 260 | |aOttawa - Ontario : |bNatural Resources Canada. |cMarch 2007. |
| 300 | |a2p. |
| 500 | |aAt head of title: ecoENERGY - using less, living better. |
| 590 | |a13-05-Supp|b2013-02-27 |
| 690 | 07|aConsumer products|2gcpds |
| 690 | 07|aEnergy use|2gcpds |
| 775 | 08|tLe confort au foyer |w(CaOODSP)9.633945 |
| 776 | 0#|tHome comfort |w(CaOODSP)9.650587 |
| 856 | 40|ahttp://publications.gc.ca|qPDF|s318 KB|uhttps://publications.gc.ca/collections/collection_2013/rncan-nrcan/M144-145-2-2007-eng.pdf |